Score 0/15 Timer 03:00
0 Plays Today
% Correct
Steig Larsson
86%
Henning Mankell
76.7%
Jo Nesbø
72.1%
Camilla Läckberg
55.8%
Sjöwall Wahlöö
46.5%
Håkan Nesser
41.9%
Arnaldur Indriðason
39.5%
Åsa Larsson
37.2%
% Correct
Anne Holt
37.2%
Karin Fossum
34.9%
Lars Kepler
34.9%
Johan Theorin
30.2%
Jussi Adler-Olsen
23.3%
Karin Alvtegen
20.9%
Åke Edwardson
20.9%
Remove Ads.
Support Sporcle.
Get the best of Sporcle when you Go Orange. This ad-free experience offers more features, more stats, and more fun while also helping to support Sporcle. Thank you for becoming a member.

You're not logged in!

Compare scores with friends on all Sporcle quizzes.
OR
Log In

Show Comments

Extras

Top Quizzes Today


Score Distribution

Your Account Isn't Verified!

In order to create a playlist on Sporcle, you need to verify the email address you used during registration. Go to your Sporcle Settings to finish the process.

Report this User

Report this user for behavior that violates our Community Guidelines.

Details: